000 00772nam a22002297a 4500
005 20240530110411.0
008 150216s2008 ua g j 000 0 ara d
017 _a2008/2969
_bمصر . دار الكتب المصرية
020 _a9771442481
040 _aEG-CaGPL
041 0 _aara
082 0 4 _221
_a091\
_bى م
100 0 _aيوسف زيدان
245 1 2 _aالمخطوطات الالفية /
_cيوسف زيدان
250 _aط1
260 _aالقاهرة :
_bنهضة مصر للطباعة والنشر والتوزيع ،
_c2008
300 _a195 ص :
_bمخطوطات ؛
_c24 سم
650 0 4 _aالمخطوطات العربية
650 0 4 _aمخطوطات الالفية
942 _2ddc
_cBK
999 _c60465
_d60465